| 000 | 00553nam a2200181Ia 4500 | ||
|---|---|---|---|
| 005 | 20250507130153.0 | ||
| 008 | 008 250505s9999 xx 000 0 eng d | ||
| 037 | _aDIS | ||
| 040 |
_aEASL _beng _cEASL |
||
| 041 |
_aeng _2eng |
||
| 084 |
_a0000187, KUM _qEASL |
||
| 100 | _aKumar Mukesh | ||
| 245 | 0 | _aStudy role of state in rural development in South Korea in the 1970S: in context of Saemaul Undong Prof. Skand Rajan Tayal | |
| 260 |
_aIndia _c2015 |
||
| 300 | _a88p. | ||
| 942 |
_cDIS _h0000187, KUM |
||
| 999 |
_c1318075 _d1318075 |
||